Artificial neural network analysis for evaluation of peptide MS/MS spectra in proteomics /
Na minha lista:
| Outros Autores: | , , , |
|---|---|
| Formato: | Artigo |
| Idioma: | English |
| Assuntos: | |
| Tags: |
Adicionar Tag
Sem tags, seja o primeiro a adicionar uma tag!
|
| Thư viện lưu trữ: | Thư viện Trường Đại học Đà Lạt |
|---|
| LEADER | 01014nam a2200349 4500 | ||
|---|---|---|---|
| 001 | DLU090097876 | ||
| 005 | ##20091201 | ||
| 040 | # | # | |a DLU |b eng |
| 041 | # | # | |a eng |
| 044 | # | # | |a us |
| 245 | # | # | |a Artificial neural network analysis for evaluation of peptide MS/MS spectra in proteomics / |c Tomasz Baczek ... [et al.]. |
| 653 | # | # | |a Electrospray |
| 653 | # | # | |a Liquid chromatography |
| 653 | # | # | |a Mass spectrometry |
| 653 | # | # | |a Neural network |
| 653 | # | # | |a Peptides |
| 653 | # | # | |a Protein |
| 653 | # | # | |a Yeast |
| 700 | # | # | |a Baczek, Tomasz. |
| 700 | # | # | |a Bucinski, Adam. |
| 700 | # | # | |a Ivanov, Alexander R. |
| 700 | # | # | |a Kaliszan, Roman. |
| 773 | # | # | |t Analytical Chemistry |g Vol. 76, no. 6 (March 2004), p. 1726-1732 |
| 920 | # | # | |a Phòng Tạp chí -- Trung tâm Thông tin - Thư viện Trường Đại học Đà Lạt |
| 994 | # | # | |a DLU |
| 900 | # | # | |a True |
| 911 | # | # | |a Trương Bảo Trâm Anh |
| 925 | # | # | |a G |
| 926 | # | # | |a A |
| 927 | # | # | |a BB |
| 980 | # | # | |a Thư viện Trường Đại học Đà Lạt |